The encyclopedia of housing /

Bibliographic Details
Other Authors: Van Vliet, Willem, 1952-
Format: Book
Language:English
Published: Thousand Oaks, Calif. : Sage Publications, [1998]
Subjects:

MARC

Tag First Indicator Second Indicator Subfields
LEADER 00000cam a2200000 a 4500
001 in00001403729
005 20151020053139.0
008 980206s1998 cauab be 001 0 eng
010 |a  98008949  
020 |a 0761913327 (cloth) 
020 |a 0761913335 (pbk.) 
035 |a (OCoLC)38431043 
035 |9 AHM7185AM 
040 |a DLC  |c DLC  |d C#P  |d TXA  |d UtOrBLW 
043 |a n-us--- 
049 |a TXAM 
050 0 0 |a HD7287  |b .E53 1998 
082 0 0 |a 363.5/03  |2 21 
245 0 4 |a The encyclopedia of housing /  |c Willem Van Vliet--, editor. 
264 1 |a Thousand Oaks, Calif. :  |b Sage Publications,  |c [1998] 
264 4 |c ©1998 
300 |a xxiv, 712 pages :  |b illustrations, map ;  |c 29 cm. 
336 |a text  |b txt  |2 rdacontent 
337 |a unmediated  |b n  |2 rdamedia 
338 |a volume  |b nc  |2 rdacarrier 
504 |a Includes bibliographical references and indexes. 
650 0 |a Housing  |x Encyclopedias. 
650 0 |a Housing  |z United States  |x Encyclopedias. 
700 1 |a Van Vliet, Willem,  |d 1952- 
948 |a c:blr 
999 |a MARS 
999 f f |s 14b4fd7a-4f5d-3891-a243-f603185facfe  |i 2bb42bc4-943f-35ae-9dce-d927af43692c  |t 0 
952 f f |p normal  |a Texas A&M University  |b College Station  |c Sterling C. Evans Library  |d Evans: Library Stacks  |t 0  |e HD7287 .E53 1998  |h Library of Congress classification  |i unmediated -- volume  |m A14822556309 
998 f f |a HD7287 .E53 1998  |t 0  |l Evans: Library Stacks